书目信息 |
| 题名: |
大学生心理学
|
|
| 作者: | 黄希庭 , 徐风姝 主编 | |
| 分册: | ||
| 出版信息: | 上海 上海人民出版社 1988.06 |
|
| 页数: | 497页 | |
| 开本: | 32开 | |
| 丛书名: | ||
| 单 册: | ||
| 中图分类: | B844.2 | |
| 科图分类: | ||
| 主题词: | 发展心理学 | |
| 电子资源: | ||
| ISBN: | 7-208-00143-X | |
| 000 | 00598nam0 2200205 45 | |
| 001 | 0103061040 | |
| 005 | 20010306100424.1 | |
| 010 | @a7-208-00143-X@d16.00元 | |
| 100 | @a20010306d1988 km y0chiy0120 ea | |
| 101 | 0 | @achi |
| 105 | @a z 000yy | |
| 200 | 1 | @a大学生心理学@ADa Xue Sheng Xin Li Xue@f黄希庭,徐风姝主编@FHuang Xi Ting,Xu Feng Shu Zhu Bian |
| 210 | @a上海@c上海人民出版社@d1988.06 | |
| 215 | @a497页@d32开 | |
| 606 | 0 | @a发展心理学 |
| 690 | @aB844.2@v3 | |
| 701 | 0 | @a黄希庭@4主编 |
| 701 | 0 | @a徐风姝@4主编 |
| 801 | @aCN@bPftUser@c20010306 | |
| 905 | @b326214-216@dB844.2@eH850@f3 | |
| 大学生心理学/黄希庭,徐风姝主编.-上海:上海人民出版社,1988.06 |
| 497页;32开 |
| ISBN 7-208-00143-X:16.00元 |
| ● |
| 相关链接 |
|
|
|
正题名:大学生心理学
索取号:B844.2/H850
 
预约/预借
| 序号 | 登录号 | 条形码 | 馆藏地/架位号 | 状态 | 备注 |
| 1 | 326214 | 203262147 | 社科库509/509社科库 38排2列3层/ [索取号:B844.2/H850] | 在馆 | |
| 2 | 326215 | 203262156 | 社科库509/509社科库 38排2列3层/ [索取号:B844.2/H850] | 在馆 | |
| 3 | 326216 | 203262165 | 社科库509/509社科库 38排2列3层/ [索取号:B844.2/H850] | 在馆 |